The feasibility study of a program to secure cereal production for food sovereignty in the Saïss plain the case of soft and durum wheat : [abstract] /

Elmentve itt :
Bibliográfiai részletek
Szerzők: El Fahmy Nouhaila
Sqalli Adoui Driss
Aboudrare Abdellah
Testületi szerző: 21th Wellmann International Scientific Conference
Dokumentumtípus: Könyv része
Megjelent: Szegedi Tudományegyetem Mezőgazdasági Kar Hódmezővásárhely 2024
Sorozat:Wellmann International Scientific Conference 21
Kulcsszavak:Vidékfejlesztés - Marokkó - előadáskivonat, Növénytermesztés - gabonafélék - Marokkó - előadáskivonat, Búzatermesztés - Marokkó - előadáskivonat
Tárgyszavak:
Online Access:http://acta.bibl.u-szeged.hu/89662
LEADER 01240naa a2200241 i 4500
001 acta89662
005 20260227130817.0
008 260227s2024 hu o 100 eng d
020 |a 978-963-306-980-6 
040 |a SZTE Egyetemi Kiadványok Repozitórium  |b hun 
041 |a eng 
100 2 |a El Fahmy Nouhaila 
245 1 4 |a The feasibility study of a program to secure cereal production for food sovereignty in the Saïss plain  |h [elektronikus dokumentum] :  |b the case of soft and durum wheat : [abstract] /  |c  El Fahmy Nouhaila 
260 |a Szegedi Tudományegyetem Mezőgazdasági Kar  |b Hódmezővásárhely  |c 2024 
300 |a 49 
490 0 |a Wellmann International Scientific Conference  |v 21 
650 4 |a Mezőgazdaság-tudományok 
650 4 |a Mezőgazdaság, erdészet, halászat 
695 |a Vidékfejlesztés - Marokkó - előadáskivonat, Növénytermesztés - gabonafélék - Marokkó - előadáskivonat, Búzatermesztés - Marokkó - előadáskivonat 
700 0 2 |a Sqalli Adoui Driss  |e aut 
700 0 2 |a Aboudrare Abdellah  |e aut 
711 |a 21th Wellmann International Scientific Conference  |c Hódmezővásárhely  |d 2024. április 18. 
856 4 0 |u http://acta.bibl.u-szeged.hu/89662/1/wellmann_abstracts_2024_049.pdf  |z Dokumentum-elérés